| 000 | 00363nam a2200121Ia 4500 | ||
|---|---|---|---|
| 008 | 220616s9999||||xx |||||||||||||| ||und|| | ||
| 245 | 0 | _aInfection Control | |
| 546 | _aEnglish[eng] | ||
| 650 | _aPublic health & preventive medicine | ||
| 700 | _aBasak, Silpi | ||
| 856 | _uhttps://mts.intechopen.com/storage/books/3453/authors_book/authors_book.pdf | ||
| 942 | _cEB | ||
| 999 |
_c19409 _d19409 |
||